000
00256nam a2200109Ia 4500
999
_c
8404
_d
8404
020
_a
978-0256090055
100
_a
Walker Boyd
245
0
_a
Marketing Strategy planning and implementation
260
_a
USA
_b
McGraw Hill
_c
1994
300
_a
521
942
_c
BK